000 00543nam a22001817a 4500
005 20170413171338.0
010 _aENG-117822
020 _c350.00
_a9789350099247
035 _aEN-101354
037 _bDBAD/PUB
082 _aN
100 _aDeshpande, Nikita
245 _aIt mustve been something he wrote /
_cby Nikita Deshpande
260 _aGurgaon
_bHachette Book Publishing
_c2016
270 _a4th & 5th Floors, Corporate Center, Plot No. 94, Sector 44
_bGurgaon
_e122003
300 _a265p.
_c21cm(pbk)
942 _2ddc
_cEN
_mDES
_hN
999 _c138905
_d138905